Mot mystérieux - Série 64 - Statistiques

Statistiques générales
  • Ce quiz a été pris 62 fois
  • Le résultat moyen est 5 sur 10
Statistiques - réponses
Indices Mot % Correct
zone - chinoise - doute - tableau ombre
85%
ombre - interdite - impression - euro zone
83%
pelote - verre - roche - bas laine
73%
alarme - lumineux - détresse - perte signal
65%
générale - France - bouillon - ministère culture
58%
vapeur - nucléaire- canine - achat centrale
40%
croissance - plaisir - sommeil - mâle hormone
29%
table - chair - offrir - amour - palais plaisir
27%
table - guerre - oeuvre - homme art
15%
livre - salon - nuit - apprentissage lecture
15%
Aucun quiz correspondant
Distribution des résultats
% des personnes avec chaque résultat
Percentile par nombre de réponses
Votre historique - résultats
Vous n’avez pas pris ce quiz